1877 1171 1472 1578 1162 1471 1545 1890 1071 1904 1508 1172 1493 1247 1492 1864 1169 1193 1276 1527 1949 1805 1591 1423 1290 1218 1631 1838 1233 1239 1895 1093 1137 1706 1058 1852 1231 1501 1351 1484 1251 1438 1093 1006 1361 1052 1348 1320 1432 1899 1259 1497 1407 1311 1923 1399 1499 1055 1113 1919 1307 1731 1115 1139 1076 1037 1789 1826 1533 1954 1934 1629 1189 1024 1746 1778 1914 1708 1559 1577 1886 1971 1150 1870 1934 1139 1175 1298 1453 1667 1265 1252 1953 1209 1807 1146 1401 1366 1914 BCNSPRNW ULIB Ver.6.0+V

เปลี่ยนเป็นภาษาไทย

Change to English
 แสดงรายละเอียดบรรณานุกรม
  กลับหน้าหลัก

Brief Record : Get Marc (ISO 2709) : E-mail record : QR code < ปิดหน้าต่าง
LEADER : 00000nam 2200000uu 4500
001    13399128681
003     ULIB
008    230928s||||||||th 000 0 tha d
020    ^a9786163812988
060    ^aWS440^bท521น
110    ^aทีมวิชาการ Life Balance
245    ^aนิทานสร้างเสริมสุขนิสัยเล่มแรกของหนู หนูดีอาบน้ำ
250    ^aพิมพ์ครั้งที่ 1
260    ^aกรุงเทพฯ :^bLife Balance,^cม.ป.ป.
300    ^a24 หน้า;^c19 ซม.
650    ^aนิทานเด็ก
650    ^aเด็ก-พัฒนาการ
945    ^p49^l0^i30054
999    ^aกัณชพร จุลอักษร
รายการนี้ยังไม่มีแท็ก
คุณยังไม่ได้ล็อกอิน คุณสามารถมีกิจกรรมร่วมกับเว็บไซต์ได้ แต่ต้องล็อกอินก่อน ::
  ล็อกอิน

รายการสื่อสารสนเทศ

ลำดับที่ ประเภท เลขเรียก/บาร์โค้ด สถานที่ สถานะ
1. วิทยาศาสตร์การแพทย์ และสุขภาพ
วิทยาศาสตร์การแพทย์ และสุขภาพ
WS440 ท521น ฉ.1 
  Barcode: 30054
ห้องสมุดวิทยาเขตนครสวรรค์
►หนังสือทั่วไป:l:General Books
บนชั้น

รายการใกล้เคียง
    ชื่อเรื่อง [นิทานสร้างเสริมสุขนิสัยเล่มแรกของหนู หนูดีอาบน้ำ]

    หัวเรื่อง [นิทานเด็ก]
    หัวเรื่อง [เด็ก-พัฒนาการ]

BibComment


ยังไม่เคยถูกคอมเมนท์

คอมเมนท์ทรัพยากรรายการนี้
  คอมเมนท์: นิทานสร้างเสริมส..


 Copyright 2026. Bcnsprnw @Library